000 00286nam a22000977a 4500
999 _c515348
_d515348
082 _aTNC AB45 R116
100 _aSachchidananda, Ganapati
_920742
245 _aThe mystic dattatreya tradition
_cby Ganapati Sachchidananda
260 _aMumbai
_bGanapati Sachchidananda
_c2000
300 _a69p.